Cidades que recebem voos da TAAG Linhas Aéreas de Angola - Statistics

Estatísticas Gerais
  • Esse quiz foi jogado 4 vezes
  • A pontuação média é 12 de 28
Estatísticas das Respostas
País Cidade (aeroporto) % Correto
Cuba Havana
100%
República Democrática do Congo Kinshasa
100%
Nigéria Lagos
100%
Portugal Lisboa
100%
Angola Luanda
100%
Quênia Nairóbi
100%
Angola Lubango
67%
Moçambique Maputo
67%
Portugal Porto
67%
Brasil São Paulo-Guarulhos
67%
Namíbia Windhoek
67%
Angola Cabinda
33%
África do Sul Cidade do Cabo
33%
Angola Cuito
33%
Zimbábue Harare
33%
Angola Huambo
33%
África do Sul Joanesburgo-O. R. Tambo
33%
República do Congo Pointe-Noire
33%
São Tomé e Príncipe São Tomé
33%
Angola Soyo
33%
Angola Catumbela
0%
Angola Dundo
0%
Angola Luena
0%
Zâmbia Lusaka
0%
Angola Menongue
0%
Angola Namibe
0%
Angola Ondjiva
0%
Angola Saurimo
0%
Nenhum quiz correspondente encontrado
Distribuição das Pontuações
Porcentagem de Pessoas com Cada Pontuação
Percentil de Números Respondidos
Sua Pontuação Histórica
Você não jogou esse quiz